| 000 | 00973cam a2200253 4500 | ||
|---|---|---|---|
| 001 | J11475 | ||
| 008 | 020429n2001 000 0 eng u | ||
| 035 | _a(Sirsi) u117736 | ||
| 041 | _aeng. | ||
| 050 | _a711.1 | ||
| 110 |
_aCountry Land & Business Association _94270 |
||
| 245 | _aTelecommunications towers | ||
| 250 | _a3rd ed. | ||
| 260 |
_bCountry Land and Business Association _c2001 |
||
| 300 |
_a52p. _c30cm. |
||
| 350 | _a15 | ||
| 490 |
_aCLA Advisory Handbook _vA04/01 |
||
| 520 | _aAims to give those who are approached by telecommunications operators an overview of the potential costs and benefits associated with granting a lease for the installation of equipment, and the legislative background. Sister handbooks: 'Cables and wires' (see: J11478), and'Pipes and sewers' (J11479). | ||
| 650 | _aTELECOMMUNICATIONS TOWERS | ||
| 650 | _aTELECOMMUNICATIONS MASTS | ||
| 650 | _aRURAL PRACTICE | ||
| 690 | _aPLANNING LAW AND PRACTICE | ||
| 942 | _n0 | ||
| 999 |
_c102057 _d102057 |
||